| 000 | 00925cam a2200217 4500 | ||
|---|---|---|---|
| 001 | WB3806-27 | ||
| 008 | 020212n2002 000 0 eng u | ||
| 035 | _a(Sirsi) u116683 | ||
| 245 | _aRIBA restructuring | ||
| 260 | _c2002 | ||
| 490 |
_aArchitects' Journal _v215(5) 7 February 2002, 6(1) |
||
| 520 | _aRIBA reveals a new mission statement and restructuring plan to champion architecture in the 21st century. The proposals aim to clarify RIBA's two roles of promoting architecture generally and supporting its members. If the proposals are accepted by council next week, RIBA will be restructured into a charitable arm, a professional services body and a commercial company. | ||
| 590 | _aWB | ||
| 650 | _aRIBA | ||
| 650 | _aARCHITECTURE | ||
| 650 | _aREORGANISATION | ||
| 650 | _aRESTRUCTURING | ||
| 650 | _aMISSION STATEMENT | ||
| 690 | _aMANAGEMENT-BUSINESS MANAGEMENT-PROFESSIONAL PRACTICE | ||
| 942 | _n0 | ||
| 999 |
_c69491 _d69491 |
||